| 000 | 02127nam a2200229Ia 4500 | ||
|---|---|---|---|
| 003 | OSt | ||
| 005 | 20220218162820.0 | ||
| 008 | 191128s1999 ck gr 000 p spa d | ||
| 020 | _a9684068905 | ||
| 040 |
_aCO-JMCR _cCO-JMCR |
||
| 041 | _aspa | ||
| 082 | 0 | 4 |
_aP / _bVELa |
| 100 | 1 |
_aLópez Velarde, Ramón, _eautor. _99487 |
|
| 245 | 1 | 2 |
_aA mi padre en su honor : _bantología / _cLópez Velarde, Neruda, Machado, Sabines, Borges y otros. |
| 250 | _aPrimera edición. | ||
| 260 |
_aBogotá : _bPlaneta, _c1999. |
||
| 300 |
_a101 páginas ; _c 21 cm. |
||
| 505 | 0 |
_tA mi padre / _rRamón López Velarde -- _tTodas las tardes / _rEliseo Diego -- _t9 de febrero de 1913 / _rAlonso Reyes -- _tCarbón / _rGonzalo Rojas -- _tLa casa vacía / _rBeatriz Novaro -- _tDoce versos a la sombra de mi padre / _rFrancisco Hernandez -- _tEl padre / _rPablo Neruda -- _tMi padre regresa y duerme / _rEugenio Montejo -- _tEl retorno de Electra / _rEnriqueta Ochoa -- _tNotas para un árbol genealógico / _rMargarita Michelena -- _tA mi padre / _rRoberto Cabral del Hoyo -- _tTablas / _rEnrique Gonzalez -- _tPoemas pasiegos / _rHugo Gutiérrez Vega -- _tPadre, poder / _rJorge Hernández Campos -- _tLa piedra en el fondo / _rManuel Ulacia -- _tEsta luz de sevilla / _rAntonio Machado -- _tBajo el cielo de marzo / _rVicente Aleixandre -- _tTraigo flores, dotor / _rClaribel Alegría -- _tMi padre, el inmigrante / _rAlicia García Bergua -- _tMi padre siempre trabajo en lo mismo / _rFabio Morábito -- _tPasado en claro / _rOctavio Paz -- _tEl poseído / _rJosé Manuel Arango -- _tEn el medio del mismo día / _rEliseo Diego -- _tLevitación / _rEugenio Montejo -- _tProsa para mi nacimiento / _rCintio Vitier -- _tAlgo sobre la muerte del señor Sabines / _rJaime Sabines -- _tLa mesa / _rJorge Hernández Campos -- _tA mi padre / _rJorge Luis Borges. |
|
| 520 | _aPadres amorosos y padres distantes, intempestivos y bondadosos, vivos o muertos… Este libro reúneuna variada selección de la mejor poesia iberoamericana dedicada al padre, dador de vida y manantial de experiencia. | ||
| 650 | 1 | 4 |
_aPoesia _99488 |
| 942 |
_2ddc _cBK |
||
| 999 |
_c4125 _d4125 |
||